000 00930nam a2200253Ia 4500
003 OSt
005 20220923213353.0
006 a|||||r|||| 00| 0
007 ta
008 220922b |||||||| |||| 00| 0 hin d
024 _a161,218
037 _cTextual
040 _aARTS
_cARTS
_bhin
041 _2hin
_ahin
082 _aO152,3:gN7, L0;L3
100 _aवार्ष्णेय, लक्ष्मी नारायण
_9160981
245 0 _aहिन्दी उपन्यास
_b उपलब्धियां
246 _aHindī upanyāsa: upalabdhiyāan
260 _aदिल्ली
_b राधाकृष्ण प्रकाशन
_c1970
300 _a144 पृ.
_ccm.
650 _aहिन्दी साहित्य
_9156264
942 _hO152,3:gN7, L0;L3
_cTEXL
_2CC
999 _c315890
_d315890